[Event "XXIX Cracovia 2018"]
[Site "Krakow"]
[Date "2019.01.02"]
[Round "7"]
[White "Gombocz, Ferenc Jr."]
[Black "Heinzel, Olaf"]
[Result "1/2-1/2"]
[WhiteElo "2263"]
[BlackElo "2326"]
[Annotator "NA"]
[PlyCount "97"]
[EventDate "2018.12.27"]
[EventType "swiss"]
[EventCountry "POL"]
[SourceTitle "playchess.com"]
[Source "ChessBase"]
[SourceQuality "1"]
[TimeControl "40/5400+30:1800+30"]

1. c4 c5 2. g3 Nf6 3. Bg2 d5 4. cxd5 Nxd5 5. Nf3 Nc6 6. d4 cxd4 7. Nxd4 Ndb4 8. Nxc6 Qxd1+ 9. Kxd1 Nxc6 10. Bxc6+ bxc6 11. Nc3 g6 12. Be3 Bg7 13. Kd2 Be6 14. Rhc1 O-O-O+ 15. Ke1 Bd4 16. Bxd4 Rxd4 17. b3 Kb7 18. Na4 Kc7 19. Rc3 Rhd8 20. Rac1 Bd7 21. Nc5 Be8 22. a4 Kb6 23. Nd3 f6 24. b4 R8d6 25. a5+ Kb5 26. Rc5+ Ka6 27. b5+ cxb5 28. Rc8 Bd7 29. Nc5+ Kxa5 30. Nb7+ Ka6 31. Nxd6 Bxc8 32. Nxc8 Rd7 33. Ra1+ Kb7 34. Nxa7 Kb6 35. Nxb5 Kxb5 36. Rc1 Kb6 37. Rc8 Rc7 38. Rf8 f5 39. Kd2 Kc6 40. Ke3 e5 41. f4 Kd6 42. Re8 e4 43. h3 Ra7 44. Kf2 Rf7 45. Re5 Rf8 46. Ra5 Rf7 47. Re5 Rf8 48. Ra5 Rf7 49. Re5 {Kxe5} 1/2-1/2

[Event "XXIX Cracovia 2018"]
[Site "Krakow"]
[Date "2019.01.02"]
[Round "7"]
[White "Kusnetsov, Sergey"]
[Black "Naboka, Sergey"]
[Result "0-1"]
[WhiteElo "2257"]
[BlackElo "2324"]
[Annotator "NA"]
[PlyCount "78"]
[EventDate "2018.12.27"]
[EventType "swiss"]
[EventCountry "POL"]
[SourceTitle "playchess.com"]
[Source "ChessBase"]
[SourceQuality "1"]
[TimeControl "40/5400+30:1800+30"]

1. c4 {[%emt 0:00:00]} f5 {[%emt 0:00:17]} 2. g3 {[%emt 0:00:00]} Nf6 {[%emt 0:00:06]} 3. Bg2 {[%emt 0:00:02]} d6 {[%emt 0:00:31]} 4. Nc3 {[%emt 0:00:11]} g6 {[%emt 0:00:17]} 5. d3 {[%emt 0:00:23]} Bg7 {[%emt 0:00:21]} 6. e4 {[%emt 0:00:17]} c6 {[%emt 0:01:08]} 7. Nge2 {[%emt 0:00:13]} O-O {[%emt 0:00:40]} 8. O-O {[%emt 0:00:14]} a5 {[%emt 0:09:02]} 9. Bg5 {[%emt 0:02:21]} Na6 {[%emt 0:01:31]} 10. Qd2 {[%emt 0:02:56]} Nc5 {[%emt 0:01:21]} 11. Rad1 {[%emt 0:03:50]} a4 {[%emt 0:04:05]} 12. Bh6 {[%emt 0:15:05]} Bxh6 {[%emt 0:05:54]} 13. Qxh6 {[%emt 0:00:08]} Qb6 {[%emt 0:00:08]} 14. Qc1 {[%emt 0:12:36]} fxe4 {[%emt 0:01:40]} 15. Nxe4 {[%emt 0:03:06]} Nfxe4 {[%emt 0:00:27]} 16. dxe4 {[%emt 0:00:46]} Bg4 {[%emt 0:07:12]} 17. Rd2 {[%emt 0:01:39]} Nd3 {[%emt 0:02:58]} 18. Qc3 {[%emt 0:02:15]} Rxf2 {[%emt 0:03:44]} 19. c5 {[%emt 0:05:58]} Qxc5 {[%emt 0:08:07]} 20. Qxc5 {[%emt 0:05:56]} Rxf1+ {[%emt 0:00:16]} 21. Bxf1 {[%emt 0:00:24]} Nxc5 {[%emt 0:00:07]} 22. Nc3 {[%emt 0:00:16]} b5 {[%emt 0:00:40]} 23. Rd4 {[%emt 0:03:52]} Ne6 {[%emt 0:05:08]} 24. Rb4 {[%emt 0:02:32]} Nc7 {[%emt 0:03:06]} 25. e5 {[%emt 0:01:28]} Be6 {[%emt 0:00:39]} 26. exd6 {[%emt 0:00:29]} exd6 {[%emt 0:00:03]} 27. Re4 {[%emt 0:00:55]} a3 {[%emt 0:04:23]} 28. b3 {[%emt 0:03:49]} d5 {[%emt 0:00:44]} 29. Rh4 {[%emt 0:02:57]} Bf5 {[%emt 0:01:21]} 30. g4 {[%emt 0:03:21]} Bc2 {[%emt 0:00:24]} 31. g5 {[%emt 0:00:18]} Ne6 {[%emt 0:02:12]} 32. Rg4 {[%emt 0:00:49]} d4 {[%emt 0:02:25]} 33. Ne4 {[%emt 0:01:50]} Bxb3 {[%emt 0:00:29]} 34. Rg2 {[%emt 0:01:34]} Bd5 {[%emt 0:01:43]} 35. Nf6+ {[%emt 0:00:41]} Kg7 {[%emt 0:00:08]} 36. Nxd5 {[%emt 0:03:21]} cxd5 {[%emt 0:00:16]} 37. Re2 Nxg5 38. Re7+ {[%emt 0:03:13]} Kf6 {[%emt 0:00:50]} 39. Rb7 {[%emt 0:00:10]} Ne4 {[%emt 0:00:00]} 0-1

[Event "XXIX Cracovia 2018"]
[Site "Krakow"]
[Date "2019.01.02"]
[Round "7"]
[White "Kokoszczynski, Jan"]
[Black "Vojtek, Vladimir"]
[Result "1/2-1/2"]
[WhiteElo "2242"]
[BlackElo "2313"]
[Annotator "TA"]
[PlyCount "118"]
[EventDate "2018.12.27"]
[EventType "swiss"]
[EventCountry "POL"]
[SourceTitle "playchess.com"]
[Source "ChessBase"]
[SourceQuality "1"]

{[%evp 24,118,41,43,41,55,89,44,100,0,0,0,0,0,16,0,0,0,-19,-26,-19,-29,-21,-27,0,-3,0,0,0,-31,-36,-79,-29,-18,176,117,105,104,83,92,152,106,85,96,102,38,85,0,32,0,0,0,0,-56,0,0,8,0,0,0,0,-3,0,0,0,-37,-42,-41,0,0,0,0,8,1,10,0,0,-143,5,6,4,2,76,0,0,0,0,0,0,0,0,0,0,0,0,0,0]} 1. d4 d5 2. c4 e6 3. Nc3 c5 4. cxd5 exd5 5. Nf3 Nc6 6. g3 Nf6 7. Bg2 Be7 8. O-O O-O 9. b3 Re8 10. Bb2 Bg4 11. dxc5 Bxc5 12. Rc1 Bf8 13. h3 {LiveBook: 23 Games} Bxf3 {D34: Tarrasch Defence: 6 g3 Nf6 7 Bg2 Be7} (13... Bh5 14. Nb5 Ne4 15. Nbd4 Rc8 16. Rc2 Nb4 17. Rxc8 Qxc8 18. a3 Na6 19. Qc1 Nac5 20. Nh4 Be7 21. Ndf5 Bxh4 22. Nxg7 {1-0 (41) Giri,A (2696)-Swinkels,R (2485) Amsterdam 2012}) 14. Bxf3 {[%cal Rc3d5]} Qd7 15. Bg2 $146 {[%cal Rc3d5]} ({Predecessor:} 15. Kg2 Rad8 16. Nb5 Ne4 17. Nd4 Nxd4 18. Qxd4 Ng5 19. Bg4 f5 20. Bf3 Nxf3 21. exf3 {1-0 (59) Lozoya Rodriguez,A (2040)-Lombrana Fuente,I (2063) Zornotza 2006}) 15... d4 (15... Rad8 $14) 16. Na4 (16. Nb5 $16) 16... Rad8 $11 17. Nc5 Bxc5 $1 18. Rxc5 Ne4 19. Rc4 b5 20. Rc1 Nb4 {[%cal Bc6b4,Bb4a2,Ba2c3][%mdl 32]} 21. a3 Na2 $1 $36 {[%cal Ra2c1][%mdl 2048] Black is pushing.} 22. Rc2 Nac3 23. Qc1 Qe6 24. b4 Na4 25. Ba1 Nec3 26. e3 Rc8 {[#] Threatens to win with ...d3.} 27. Qd2 dxe3 28. fxe3 {[%cal Ra1c3]} Ne4 $2 (28... Rcd8 $11 29. Qc1 Qxe3+ 30. Kh2 Rd3) 29. Qd4 (29. Bxe4 $1 $18 Qxe4 30. Rxf7 Kxf7 31. Rxc8) 29... Nf6 $16 30. Rxc8 Rxc8 31. Qxa7 h5 (31... Nb6 $142) 32. Bxf6 gxf6 33. Qd4 Kg7 34. Rf2 (34. Bd5 $16 Qd6 35. Kg2) 34... Rc3 35. Qh4 (35. Bf1 $16) 35... Qe5 36. Qf4 Rxe3 37. Qxe5 fxe5 $11 {[%mdl 4096] Endgame KRB-KRN} 38. Bd5 (38. Rf3 $11 Re1+ 39. Rf1) 38... f6 ({Much weaker is} 38... Rxa3 39. Rxf7+ Kg6 40. Kg2 $11) ({Black should play} 38... Rxg3+ $15 39. Kf1 Rxa3 40. Rxf7+ Kg6) 39. Rf3 Rc3 40. Kf2 Rc2+ 41. Ke3 Nb2 42. Ke4 Kg6 43. Bb3 Rd2 44. Rc3 (44. Ke3 $5 {[%cal Re3d2]} Rd4 45. Bc2+ Kf7 46. Ke2 $11) 44... Rd4+ 45. Kf3 h4 46. Bc2+ Kf7 47. Rc7+ Ke6 48. Rc6+ Ke7 49. Bf5 hxg3 50. Rc7+ (50. Kxg3 $11 {keeps the balance.} Rf4 51. Bg6) 50... Kf8 ({Better is} 50... Kd6 $17 51. Rd7+ Kc6 52. Rxd4 exd4) 51. Kxg3 Nc4 52. h4 {[%cal Bh3h4,Bh4h5][%mdl 32]} Nd6 (52... e4 $11) 53. Be6 (53. Bg6 $16) 53... f5 {The position is equal.} 54. h5 $1 Ne4+ 55. Kg2 Rd2+ 56. Kg1 Ng5 57. Bxf5 {Hoping for Kf1.} Nf3+ 58. Kf1 {And now Be4 would win.} Nh2+ 59. Ke1 Nf3+ {Accuracy: White = 53%, Black = 43%.} 1/2-1/2

[Event "XXIX Cracovia 2018"]
[Site "Krakow"]
[Date "2019.01.02"]
[Round "7"]
[White "Kozak, Antoni"]
[Black "Krishnater Kushager"]
[Result "0-1"]
[WhiteElo "2236"]
[BlackElo "2334"]
[Annotator "NA"]
[PlyCount "60"]
[EventDate "2018.12.27"]
[EventType "swiss"]
[EventCountry "POL"]
[SourceTitle "playchess.com"]
[Source "ChessBase"]
[SourceQuality "1"]
[TimeControl "40/5400+30:1800+30"]

1. d4 {[%emt 0:00:00]} Nf6 {[%emt 0:00:00]} 2. Nf3 {[%emt 0:00:00]} g6 {[%emt 0:00:00]} 3. c4 {[%emt 0:00:00]} Bg7 {[%emt 0:00:00]} 4. e3 {[%emt 0:00:00]} O-O {[%emt 0:01:31]} 5. Be2 {[%emt 0:00:00]} c5 {[%emt 0:00:56]} 6. d5 {[%emt 0:00:00]} d6 {[%emt 0:02:54]} 7. Nc3 {[%emt 0:00:07]} e6 {[%emt 0:00:53]} 8. O-O {[%emt 0:00:09]} exd5 {[%emt 0:00:25]} 9. cxd5 {[%emt 0:00:06]} Bg4 {[%emt 0:05:28]} 10. h3 {[%emt 0:14:39]} Bxf3 {[%emt 0:00:06]} 11. Bxf3 {[%emt 0:00:07]} Nbd7 {[%emt 0:03:09]} 12. Be2 {[%emt 0:04:02]} a6 {[%emt 0:01:38]} 13. a4 {[%emt 0:00:06]} Qe7 {[%emt 0:04:22]} 14. Re1 {[%emt 0:04:12]} Ne4 {[%emt 0:02:17]} 15. Bd2 {[%emt 0:12:32]} Nxd2 {[%emt 0:06:37]} 16. Qxd2 {[%emt 0:00:48]} f5 {[%emt 0:00:03]} 17. Bf1 {[%emt 0:05:59]} Qf7 {[%emt 0:22:10]} 18. Ne2 {[%emt 0:03:08]} g5 {[%emt 0:02:18]} 19. Ng3 {[%emt 0:05:49]} Kh8 {[%emt 0:00:47]} 20. Bd3 {[%emt 0:13:48]} f4 {[%emt 0:01:26]} 21. exf4 {[%emt 0:00:55]} gxf4 {[%emt 0:00:10]} 22. Nf5 {[%emt 0:00:13]} Be5 {[%emt 0:00:34]} 23. Bc2 {[%emt 0:01:28]} Qh5 {[%emt 0:04:19]} 24. Rxe5 {[%emt 0:12:56]} dxe5 {[%emt 0:00:35]} 25. Nd6 {[%emt 0:00:55]} f3 {[%emt 0:05:44]} 26. Ne4 {[%emt 0:00:36]} fxg2 {[%emt 0:01:13]} 27. Kxg2 {[%emt 0:00:08]} Qf3+ {[%emt 0:02:37]} 28. Kh2 {[%emt 0:00:03]} Rg8 {[%emt 0:00:07]} 29. Ng5 {[%emt 0:02:07]} Rxg5 {[%emt 0:00:07]} 30. Qxg5 {[%emt 0:00:02]} Rg8 {[%emt 0:00:04]} 0-1

[Event "XXIX Cracovia 2018"]
[Site "Krakow"]
[Date "2019.01.02"]
[Round "7"]
[White "Ustinov, Alexey"]
[Black "Nowicki, Bartosz"]
[Result "0-1"]
[WhiteElo "2232"]
[BlackElo "2305"]
[Annotator "NA"]
[PlyCount "98"]
[EventDate "2018.12.27"]
[EventType "swiss"]
[EventCountry "POL"]
[SourceTitle "playchess.com"]
[Source "ChessBase"]
[SourceQuality "1"]
[TimeControl "40/5400+30:1800+30"]

1. c4 {[%emt 0:00:00]} Nf6 {[%emt 0:00:00]} 2. Nc3 {[%emt 0:00:00]} g6 {[%emt 0:00:00]} 3. d4 {[%emt 0:00:00]} c5 {[%emt 0:00:00]} 4. d5 {[%emt 0:00:42]} Bg7 {[%emt 0:00:00]} 5. g3 {[%emt 0:02:39]} O-O {[%emt 0:00:02]} 6. Bg2 {[%emt 0:00:03]} d6 {[%emt 0:00:14]} 7. Nf3 {[%emt 0:00:47]} e6 {[%emt 0:00:32]} 8. O-O {[%emt 0:00:12]} exd5 {[%emt 0:00:25]} 9. cxd5 {[%emt 0:00:05]} a6 {[%emt 0:00:42]} 10. a4 {[%emt 0:00:05]} Re8 {[%emt 0:00:32]} 11. Nd2 {[%emt 0:01:19]} Nbd7 {[%emt 0:00:57]} 12. Nc4 {[%emt 0:01:02]} Ne5 {[%emt 0:00:35]} 13. Na3 {[%emt 0:05:27]} Rb8 {[%emt 0:01:09]} 14. h3 {[%emt 0:02:05]} Nh5 {[%emt 0:03:57]} 15. e4 {[%emt 0:11:09]} Bd7 {[%emt 0:04:18]} 16. a5 {[%emt 0:28:21]} Qxa5 {[%emt 0:14:26]} 17. g4 {[%emt 0:00:31]} Nf6 {[%emt 0:00:26]} 18. g5 {[%emt 0:09:34]} Nh5 {[%emt 0:01:17]} 19. f4 {[%emt 0:00:19]} Nc4 {[%emt 0:05:49]} 20. Nxc4 {[%emt 0:00:07]} Qxa1 {[%emt 0:00:00]} 21. Nxd6 {[%emt 0:08:02]} Bxc3 {[%emt 0:08:48]} 22. bxc3 {[%emt 0:00:28]} Qxc3 {[%emt 0:02:00]} 23. Nxe8 {[%emt 0:00:52]} Rxe8 {[%emt 0:00:24]} 24. Rf3 {[%emt 0:06:59]} Qc4 {[%emt 0:00:48]} 25. e5 {[%emt 0:01:50]} Rd8 {[%emt 0:08:59]} 26. d6 {[%emt 0:08:22]} Bc6 {[%emt 0:00:39]} 27. Rf2 {[%emt 0:00:26]} Bxg2 {[%emt 0:00:27]} 28. Kxg2 {[%emt 0:00:07]} b5 {[%emt 0:04:56]} 29. Be3 {[%emt 0:05:10]} Ng7 {[%emt 0:01:09]} 30. Qc2 {[%emt 0:04:40]} Qd5+ {[%emt 0:02:17]} 31. Kh2 {[%emt 0:00:12]} Ne6 {[%emt 0:01:37]} 32. Kg3 {[%emt 0:01:14]} c4 {[%emt 0:06:13]} 33. Rd2 {[%emt 0:00:27]} Qc6 {[%emt 0:02:37]} 34. f5 {[%emt 0:00:17]} Ng7 {[%emt 0:00:57]} 35. fxg6 {[%emt 0:00:53]} hxg6 {[%emt 0:00:05]} 36. Rf2 {[%emt 0:00:21]} Qd5 {[%emt 0:05:09]} 37. Qc3 {[%emt 0:02:07]} Nf5+ {[%emt 0:00:39]} 38. Kf4 {[%emt 0:00:23]} Ng7 {[%emt 0:06:24]} 39. Bb6 {[%emt 0:01:27]} Nh5+ {[%emt 0:01:21]} 40. Ke3 {[%emt 0:00:00]} Rd7 {[%emt 0:00:00]} 41. Qd4 {[%emt 0:04:06]} Qe6 {[%emt 0:07:38]} 42. Rf3 {[%emt 0:02:53]} Ng7 {[%emt 0:00:16]} 43. Kf2 {[%emt 0:02:50]} Nf5 {[%emt 0:00:50]} 44. Qc5 {[%emt 0:00:36]} b4 {[%emt 0:11:33]} 45. Rf4 {[%emt 0:10:25]} b3 {[%emt 0:02:02]} 46. Qc8+ {[%emt 0:07:08]} Kh7 {[%emt 0:01:01]} 47. Rxc4 {[%emt 0:00:17]} b2 {[%emt 0:00:39]} 48. Rb4 {[%emt 0:00:12]} Qa2 {[%emt 0:00:37]} 49. Kf3 {[%emt 0:00:12]} Qa3+ {[%emt 0:00:14]} 0-1

[Event "XXIX Cracovia 2018"]
[Site "Krakow"]
[Date "2019.01.02"]
[Round "7"]
[White "Adamczewski, Maciej"]
[Black "Kvaratskhelia, Dimitri"]
[Result "1/2-1/2"]
[WhiteElo "2080"]
[BlackElo "1996"]
[Annotator "NA"]
[PlyCount "123"]
[EventDate "2018.12.27"]
[EventType "swiss"]
[EventCountry "POL"]
[SourceTitle "playchess.com"]
[Source "ChessBase"]
[SourceQuality "1"]
[TimeControl "40/5400+30:1800+30"]

1. d4 {[%emt 0:00:00]} d6 {[%emt 0:00:00]} 2. Nf3 {[%emt 0:01:40]} g6 {[%emt 0:00:10]} 3. c4 {[%emt 0:00:08]} Bg7 {[%emt 0:00:06]} 4. Nc3 {[%emt 0:01:27]} c6 {[%emt 0:01:48]} 5. h3 {[%emt 0:00:27]} e5 {[%emt 0:00:52]} 6. Bg5 {[%emt 0:09:15]} f6 {[%emt 0:06:34]} 7. Be3 {[%emt 0:00:35]} Ne7 {[%emt 0:08:12]} 8. dxe5 {[%emt 0:00:22]} dxe5 {[%emt 0:00:43]} 9. Qxd8+ {[%emt 0:02:37]} Kxd8 {[%emt 0:01:44]} 10. O-O-O+ {[%emt 0:00:07]} Nd7 {[%emt 0:01:33]} 11. Bc5 {[%emt 0:04:57]} Ke8 {[%emt 0:06:06]} 12. Ba3 {[%emt 0:03:21]} f5 {[%emt 0:02:20]} 13. e3 {[%emt 0:11:05]} Bf6 {[%emt 0:04:40]} 14. Bd6 {[%emt 0:04:44]} b6 {[%emt 0:01:52]} 15. Be2 {[%emt 0:01:40]} a6 {[%emt 0:10:23]} 16. Rd2 {[%emt 0:06:29]} e4 {[%emt 0:10:02]} 17. Nd4 {[%emt 0:00:51]} Ne5 {[%emt 0:02:06]} 18. Na4 {[%emt 0:06:33]} Nd7 {[%emt 0:18:53]} 19. Rhd1 {[%emt 0:04:11]} c5 {[%emt 0:04:48]} 20. Ne6 {[%emt 0:01:23]} Ra7 {[%emt 0:00:44]} 21. g4 {[%emt 0:08:04]} Kf7 {[%emt 0:01:49]} 22. Nc7 {[%emt 0:01:32]} fxg4 {[%emt 0:06:46]} 23. Bxg4 {[%emt 0:17:45]} Ne5 {[%emt 0:00:10]} 24. Bxc8 {[%emt 0:00:45]} Rxc8 {[%emt 0:01:17]} 25. Bxe5 {[%emt 0:01:57]} Bxe5 {[%emt 0:00:01]} 26. Nd5 {[%emt 0:00:12]} b5 {[%emt 0:04:05]} 27. Nac3 {[%emt 0:03:02]} Nxd5 {[%emt 0:00:36]} 28. Rxd5 {[%emt 0:00:41]} Bxc3 {[%emt 0:00:24]} 29. bxc3 {[%emt 0:00:03]} bxc4 {[%emt 0:02:44]} 30. Re5 {[%emt 0:02:00]} Re7 {[%emt 0:00:42]} 31. Rdd5 {[%emt 0:00:10]} Rb7 {[%emt 0:01:26]} 32. Rxe4 {[%emt 0:01:38]} Rcb8 {[%emt 0:00:06]} 33. Kd1 {[%emt 0:00:52]} Rb1+ {[%emt 0:01:05]} 34. Ke2 {[%emt 0:00:05]} R8b2+ {[%emt 0:00:03]} 35. Kf3 {[%emt 0:00:02]} Rf1 {[%emt 0:01:22]} 36. Rd7+ {[%emt 0:02:50]} Kf6 {[%emt 0:00:04]} 37. Rd6+ {[%emt 0:00:52]} Kf5 {[%emt 0:00:52]} 38. Rd5+ {[%emt 0:00:08]} Kf6 {[%emt 0:00:05]} 39. Rf4+ {[%emt 0:01:40]} Ke6 {[%emt 0:00:07]} 40. Ke4 {[%emt 0:00:00]} Rbxf2 {[%emt 0:00:00]} 41. Rxf2 {[%emt 0:00:32]} Rxf2 {[%emt 0:01:51]} 42. Rxc5 {[%emt 0:00:02]} Rxa2 {[%emt 0:00:32]} 43. Rxc4 {[%emt 0:00:11]} Kd6 {[%emt 0:02:22]} 44. Kd3 {[%emt 0:05:45]} a5 {[%emt 0:02:33]} 45. Rc8 {[%emt 0:04:22]} Rh2 {[%emt 0:03:24]} 46. Ra8 {[%emt 0:06:44]} Rxh3 {[%emt 0:00:30]} 47. Rxa5 {[%emt 0:00:03]} Rg3 {[%emt 0:00:26]} 48. Kd4 {[%emt 0:00:23]} h5 {[%emt 0:01:34]} 49. c4 {[%emt 0:00:57]} h4 {[%emt 0:00:44]} 50. c5+ {[%emt 0:00:06]} Kc6 {[%emt 0:00:31]} 51. Ra6+ {[%emt 0:00:15]} Kb7 {[%emt 0:00:05]} 52. Ra1 {[%emt 0:01:33]} h3 {[%emt 0:00:34]} 53. e4 {[%emt 0:00:42]} g5 {[%emt 0:12:38]} 54. e5 {[%emt 0:00:56]} Rg2 {[%emt 0:03:39]} 55. e6 {[%emt 0:01:39]} Re2 {[%emt 0:00:58]} 56. Kd5 {[%emt 0:01:54]} h2 {[%emt 0:02:17]} 57. c6+ {[%emt 0:05:47]} Kb8 {[%emt 0:00:05]} 58. Kd6 {[%emt 0:01:05]} Rd2+ {[%emt 0:00:25]} 59. Ke5 {[%emt 0:00:10]} Kc7 {[%emt 0:01:32]} 60. e7 {[%emt 0:02:15]} Re2+ {[%emt 0:00:38]} 61. Kf5 {[%emt 0:01:15]} Rxe7 {[%emt 0:00:39]} 62. Rh1 {[%emt 0:00:19]} 1/2-1/2

[Event "XXIX Cracovia 2018"]
[Site "Krakow"]
[Date "2019.01.02"]
[Round "7"]
[White "Andronescu, Madalin"]
[Black "Warchol, Bartosz"]
[Result "1/2-1/2"]
[WhiteElo "2070"]
[BlackElo "1975"]
[Annotator "NA"]
[PlyCount "70"]
[EventDate "2018.12.27"]
[EventType "swiss"]
[EventCountry "POL"]
[SourceTitle "playchess.com"]
[Source "ChessBase"]
[SourceQuality "1"]
[TimeControl "40/5400+30:1800+30"]

1. e4 c5 2. Nf3 d6 3. d4 cxd4 4. Nxd4 Nf6 5. Nc3 a6 6. Bg5 Nbd7 7. Qe2 h6 8. Bh4 g6 9. O-O-O e5 10. Nb3 Qc7 11. g4 b5 12. Bg2 Bb7 13. f4 Be7 14. Rhf1 b4 15. Bxf6 Nxf6 16. Nd5 Nxd5 17. exd5 Bf6 18. h4 O-O-O 19. fxe5 Bxe5 20. Nd4 Rhe8 21. Qf3 Re7 22. Qb3 Qc5 23. Nc6 Bxc6 24. dxc6 Rf8 25. Rd5 Qb6 26. a3 a5 27. Qa4 bxa3 28. Qxa3 Kc7 29. Rxa5 Rb8 30. b3 Qe3+ 31. Kb1 Qd4 32. Ra4 Qc3 33. Ra7+ Kd8 34. Rxe7 Rxb3+ 35. cxb3 Qd3+ 1/2-1/2

[Event "XXIX Cracovia 2018"]
[Site "Krakow"]
[Date "2019.01.02"]
[Round "7"]
[White "Jankowiak, Tomasz"]
[Black "Brylski, Pawel"]
[Result "1-0"]
[WhiteElo "2070"]
[BlackElo "1975"]
[Annotator "NA"]
[PlyCount "83"]
[EventDate "2018.12.27"]
[EventType "swiss"]
[EventCountry "POL"]
[SourceTitle "playchess.com"]
[Source "ChessBase"]
[SourceQuality "1"]
[TimeControl "40/5400+30:1800+30"]

1. e4 e5 2. Nf3 Nc6 3. Bb5 a6 4. Ba4 Nf6 5. O-O Be7 6. Re1 b5 7. Bb3 O-O 8. c3 d5 9. exd5 Nxd5 10. Nxe5 Nxe5 11. Rxe5 c6 12. d3 Bd6 13. Re1 Qh4 14. g3 Qh3 15. Re4 Qf5 16. Bc2 Nf6 17. Bf4 Rd8 18. Rd4 Nd5 19. Bxd6 Rxd6 20. Rh4 Rf6 21. Qe2 Re6 22. Re4 Qh3 23. Nd2 Nf6 24. Rxe6 Bxe6 25. Ne4 Ng4 26. f3 Ne5 27. Ng5 Qf5 28. f4 Ng6 29. d4 Qg4 30. Qxg4 Bxg4 31. Re1 h6 32. Ne4 Be6 33. Nc5 Bd5 34. Bb3 Bxb3 35. axb3 a5 36. f5 Nf8 37. Re7 a4 38. bxa4 bxa4 39. Rc7 a3 40. bxa3 Rxa3 41. Rc8 Ra7 42. Rxc6 1-0

[Event "XXIX Cracovia 2018"]
[Site "Krakow"]
[Date "2019.01.02"]
[Round "7"]
[White "Budnik, Mateusz"]
[Black "Patsia, Zviad"]
[Result "0-1"]
[WhiteElo "2053"]
[BlackElo "2058"]
[Annotator "NA"]
[PlyCount "114"]
[EventDate "2018.12.27"]
[EventType "swiss"]
[EventCountry "POL"]
[SourceTitle "playchess.com"]
[Source "ChessBase"]
[SourceQuality "1"]
[TimeControl "40/5400+30:1800+30"]

1. e4 {[%emt 0:00:00]} Nf6 {[%emt 0:00:00]} 2. e5 {[%emt 0:00:00]} Nd5 {[%emt 0:00:00]} 3. c4 {[%emt 0:00:05]} Nb6 {[%emt 0:00:00]} 4. d4 {[%emt 0:00:07]} d6 {[%emt 0:00:00]} 5. exd6 {[%emt 0:00:05]} cxd6 {[%emt 0:00:46]} 6. Nf3 {[%emt 0:01:15]} g6 {[%emt 0:08:35]} 7. b3 {[%emt 0:01:18]} Bg7 {[%emt 0:00:03]} 8. Bb2 {[%emt 0:00:10]} O-O {[%emt 0:01:29]} 9. Be2 {[%emt 0:01:23]} Bg4 {[%emt 0:01:21]} 10. h3 {[%emt 0:01:07]} Bxf3 {[%emt 0:00:05]} 11. Bxf3 {[%emt 0:00:07]} Nc6 {[%emt 0:00:03]} 12. O-O {[%emt 0:01:50]} d5 {[%emt 0:00:23]} 13. c5 {[%emt 0:01:03]} Nd7 {[%emt 0:13:43]} 14. b4 {[%emt 0:04:22]} Nxb4 {[%emt 0:01:04]} 15. Qb3 {[%emt 0:00:11]} Nc6 {[%emt 0:02:34]} 16. Qxd5 {[%emt 0:00:57]} e6 {[%emt 0:27:10]} 17. Qc4 {[%emt 0:15:05]} Qh4 {[%emt 0:00:21]} 18. Bxc6 {[%emt 0:02:08]} Ne5 {[%emt 0:01:07]} 19. Qc2 {[%emt 0:10:56]} Nxc6 {[%emt 0:00:08]} 20. Nd2 {[%emt 0:00:18]} Nxd4 {[%emt 0:01:05]} 21. Bxd4 {[%emt 0:00:20]} Qxd4 {[%emt 0:00:16]} 22. Nb3 {[%emt 0:01:24]} Qa4 {[%emt 0:00:43]} 23. Rac1 {[%emt 0:00:53]} Rac8 {[%emt 0:01:46]} 24. Rfd1 {[%emt 0:02:54]} Rfd8 {[%emt 0:04:29]} 25. Qe2 {[%emt 0:01:07]} Rxd1+ {[%emt 0:03:34]} 26. Rxd1 {[%emt 0:00:14]} Bf8 {[%emt 0:00:43]} 27. Qf3 {[%emt 0:02:45]} Qc6 {[%emt 0:09:15]} 28. Qxc6 {[%emt 0:01:43]} Rxc6 {[%emt 0:00:03]} 29. Rd7 {[%emt 0:00:13]} b6 {[%emt 0:06:18]} 30. cxb6 {[%emt 0:00:34]} axb6 {[%emt 0:00:09]} 31. Rd2 {[%emt 0:02:10]} Kg7 {[%emt 0:01:32]} 32. g3 {[%emt 0:00:28]} Rc4 {[%emt 0:00:43]} 33. h4 {[%emt 0:00:39]} Bb4 {[%emt 0:00:57]} 34. Re2 {[%emt 0:01:02]} h5 {[%emt 0:01:15]} 35. Kg2 {[%emt 0:00:21]} Kf6 {[%emt 0:01:30]} 36. Nd2 {[%emt 0:01:46]} Rc1 {[%emt 0:01:16]} 37. Ne4+ {[%emt 0:01:14]} Ke7 {[%emt 0:00:05]} 38. Rb2 {[%emt 0:01:43]} Ba5 {[%emt 0:00:06]} 39. Kf3 {[%emt 0:03:36]} f5 {[%emt 0:00:45]} 40. Ng5 {[%emt 0:00:00]} e5 {[%emt 0:00:00]} 41. Kg2 {[%emt 0:01:23]} Rc5 {[%emt 0:01:25]} 42. Nh3 {[%emt 0:01:28]} b5 {[%emt 0:00:23]} 43. Re2 {[%emt 0:01:16]} Bc3 {[%emt 0:00:56]} 44. f3 {[%emt 0:01:59]} Bd4 {[%emt 0:01:10]} 45. Nf4 {[%emt 0:01:02]} Kf6 {[%emt 0:01:16]} 46. Nd3 {[%emt 0:00:50]} Rc4 {[%emt 0:01:07]} 47. Ne1 {[%emt 0:03:19]} Rc1 {[%emt 0:00:28]} 48. Nc2 {[%emt 0:01:18]} Bc3 {[%emt 0:02:26]} 49. Na3 {[%emt 0:03:15]} b4 {[%emt 0:00:18]} 50. Nb5 {[%emt 0:01:03]} Ke6 {[%emt 0:02:36]} 51. Nc7+ {[%emt 0:00:41]} Kd6 {[%emt 0:00:34]} 52. Ne8+ {[%emt 0:00:16]} Kd5 {[%emt 0:01:44]} 53. g4 {[%emt 0:01:38]} hxg4 {[%emt 0:00:47]} 54. fxg4 {[%emt 0:00:10]} e4 {[%emt 0:01:10]} 55. Nc7+ {[%emt 0:01:59]} Ke5 {[%emt 0:00:37]} 56. h5 {[%emt 0:01:34]} f4 {[%emt 0:00:29]} 57. Kh3 {[%emt 0:00:28]} Rh1+ {[%emt 0:00:51]} 0-1